000 00849cam a2200289 i 4500
999 _c9635
_d9635
001 9635
003 BD-JhCC
005 20180321164439.0
008 180320t19871987nyuab b 001 0 eng
020 _a9781633214347 (softcover)
020 _a1633214346 (softcover)
035 _a(BD-JhCC)9635
040 _aDLC
_cDLC
_erda
_dDLC
_dBD-JhCC
041 _aeng
050 0 0 _aQL641
_b.A46 2014
082 0 0 _a597.8
_223
100 _aMinelli, Giuseppe
245 0 0 _aAmphibians /
_cGiuseppe Minelli
260 _aNew York :
_bFacts On File Publications,
_c1987.
300 _a57 p. :
_billustrations, maps ;
_c23 cm.
490 0 _aAnimal science, issues and professions
504 _aIncludes bibliographical references and index.
650 0 _aAmphibians.
700 1 _aLombardi, Martin P.,
942 _2ddc
_cREF